| 000 | 00345nam a22001577a 4500 | ||
|---|---|---|---|
| 003 | SGT | ||
| 020 | _a9788119336050 | ||
| 082 |
_a612 _bP25J |
||
| 100 | _aJAIN, A.K. | ||
| 245 | _aTB. OF PHYSIOLOGY 2 VOLUME SET | ||
| 250 | _a10TH | ||
| 260 |
_aINDIA _bARYA PUB _c2025 |
||
| 300 | _a583, 1100 | ||
| 650 | _aHUMAN PHYSIOLOGY | ||
| 942 |
_2ddc _cBK |
||
| 999 |
_c33660 _d33660 |
||